000 00378nam a2200157Ia 4500
003 GCL
008 140319s9999 xx 000 0 eng d
040 _aGCL /
_cGCL
082 0 4 _a746.432
_bM K
100 1 _aMESSENT, JAN
245 1 0 _aKNITTED IGNOMES AND FAIRIES /
_cMESSENT, JAN
260 _a[S.N] :
_bSEARCH PRESS
300 _a32
650 0 4 _aKNITTING
942 _2ddc
_cBK
999 _c24228
_d24228